Southville International School and Colleges
Your cart is empty.
  • Cart
  • Lists
    Public lists Eva Luna New books Lux_list list_1
    Your lists Log in to create your own lists
  • Log in to your account
  • Your cookies
  • Search history
Southville International School and Colleges
  • Advanced search
  • Recent comments
  • Most popular
  • Libraries

Log in to your account

Log in with GOOGLE


If you do not have an external account, but do have a local account, you can still log in:

  1. Home
  2. MARC view: Sa ilalim ng araw na pula /
Normal view MARC view ISBD view

Sa ilalim ng araw na pula / (Record no. 292215)

[ view plain ]
MARC details
000 -LEADER
fixed length control field 00482nam a2200193Ia 4500
008 - FIXED-LENGTH DATA ELEMENTS--GENERAL INFORMATION
fixed length control field 160319s9999 xx 000 0 und d
020 ## - INTERNATIONAL STANDARD BOOK NUMBER
International Standard Book Number 9715694241
050 ## - LIBRARY OF CONGRESS CALL NUMBER
Classification number 899.211
050 ## - LIBRARY OF CONGRESS CALL NUMBER
Item number M445s 2001
100 ## - MAIN ENTRY--PERSONAL NAME
Personal name Matute, Genoveva Edroza
245 ## - TITLE STATEMENT
Title Sa ilalim ng araw na pula /
245 ## - TITLE STATEMENT
Statement of responsibility, etc ni Genoveva Edroza-Matute.
260 ## - PUBLICATION, DISTRIBUTION, ETC. (IMPRINT)
Place of publication, distribution, etc Makati City :
260 ## - PUBLICATION, DISTRIBUTION, ETC. (IMPRINT)
Name of publisher, distributor, etc National Bookstore.
260 ## - PUBLICATION, DISTRIBUTION, ETC. (IMPRINT)
Date of publication, distribution, etc 2001
300 ## - PHYSICAL DESCRIPTION
Extent vii, 127 p. :
300 ## - PHYSICAL DESCRIPTION
Other physical details ill. ;
300 ## - PHYSICAL DESCRIPTION
Dimensions 18 cm.
Holdings
Withdrawn status Lost status Damaged status Home library Current library Shelving location Date acquired Total Checkouts Full call number Barcode Date last seen Price effective from Koha item type
      Stonyhurst Southville International School (Batangas) Stonyhurst Southville International School (Batangas) Filipiniana Section 03/19/2016   Fil 899.211 M445s 2001 US 0307 03/19/2016 03/19/2016 Books

Sa ilalim ng araw na pula /

APA

Matute G. E., .Sa ilalim ng araw na pula. Makati City: .

Chicago

Matute Genoveva Edroza, .Sa ilalim ng araw na pula. Makati City: .

Harvard

Matute G. E., .Sa ilalim ng araw na pula. Makati City: .

MLA

Matute Genoveva Edroza, .Makati City: . .

  • Place hold
  • Print
  • Cite
  • Add to your cart (remove)
  • Save record
    BIBTEX Dublin Core MARCXML MARC (non-Unicode/MARC-8) MARC (Unicode/UTF-8) MARC (Unicode/UTF-8, Standard) MODS (XML) RIS
  • More searches
    Search for this title in:
    Other Libraries (WorldCat) Other Databases (Google Scholar) Online Stores (Bookfinder.com) Open Library (openlibrary.org)

Exporting to Dublin Core...

SOUTHVILLE LIBRARY

Southville International School and Colleges Library

1281 Tropical Ave. Cor. Luxembourg St., BF Homes International, Las Pinas City

Tel. No. 8256374 / 252358 Loc. 117/146

Powered by Koha